| 000 | 00390nam a22001217a 4500 | ||
|---|---|---|---|
| 999 |
_c3871 _d3871 |
||
| 005 | 20210416100131.0 | ||
| 008 | 210416b ||||| |||| 00| 0 eng d | ||
| 020 | _a9789982195645 | ||
| 040 | _cCML | ||
| 245 |
_aMathematics: Pupils Book-5 _cDu Preez K., Fourie D., Kachinga W., Lungu M |
||
| 260 |
_aCape Town _bLongman Zambia _c2020 |
||
| 942 |
_2ddc _cBK _e1st Edition _h510 _mPRE |
||